000
00232nam a22001097a 4500
040
_c
SK
082
_a
179
100
_a
NA
245
_a
Animal welfare; សុខុមាលភាពសត្វ
260
_a
NA
_b
NA
_c
NA
942
_c
KB
999
_c
8927
_d
8927